[Event "IX EICC"]
[Site "Plovdiv BUL"]
[Date "2008.04.21"]
[Round "1"]
[White "Willemze,T"]
[Black "Atalik,S"]
[Result "1-0"]
[WhiteElo "2399"]
[BlackElo "2592"]
[EventDate "2008.04.21"]

1. e4 e6 2. d4 d5 3. Nc3 Nf6 4. Bg5 Bb4 5. e5 h6 6. Be3 Ne4 7. Qg4 Kf8 8.
a3 Bxc3+ 9. bxc3 c5 10. Bd3 h5 11. Qd1 Nxc3 12. Qd2 c4 13. Qxc3 cxd3 14.
cxd3 Nc6 15. Bd2 Bd7 16. Ne2 Ne7 17. Bg5 Bc6 18. O-O Qd7 19. Qc5 Ke8 20. a4
h4 21. g4 hxg3 22. fxg3 Rh5 23. Qc1 Ng6 24. g4 Rh3 25. Qa3 Nh4 26. Nf4 Nf3+
27. Kg2 Nxg5 28. Nxh3 Nxh3 29. Kxh3 Qe7 30. Qxe7+ Kxe7 31. Kg3 g5 32. Rf6
a5 33. Rf2 Ra6 34. Raf1 Be8 35. Rb2 Bc6 36. Kf3 Ra8 37. Rc1 Ra7 38. Ke3 Kf8
39. Ra1 Kg7 40. Kd2 Ra8 41. h3 Rh8 42. Rh1 Rb8 43. Ra2 Rh8 44. Kc3 Ra8 45.
Kb3 Ra6 46. Kc3 Rb6 47. Raa1 Ra6 48. Rab1 1-0

[Event "IX EICC"]
[Site "Plovdiv BUL"]
[Date "2008.04.21"]
[Round "1"]
[White "Nyback,T"]
[Black "Bykhovsky,An ISR"]
[Result "1-0"]
[WhiteElo "2587"]
[BlackElo "2394"]
[EventDate "2008.04.21"]

1. Nf3 Nf6 2. c4 g6 3. Nc3 d5 4. Qa4+ Bd7 5. Qb3 dxc4 6. Qxc4 Nc6 7. d4 Bg7
8. e4 O-O 9. h3 b5 10. Nxb5 Rb8 11. Bf4 a6 12. Nc3 Rxb2 13. Be2 Nb4 14. O-O
Nxe4 15. Nxe4 Bb5 16. Qxc7 Bxe2 17. Rab1 Rxb1 18. Rxb1 Nd5 19. Qxd8 Rxd8
20. Be5 Bd3 21. Re1 Bxe4 22. Rxe4 f6 23. Bg3 Rc8 24. Re6 Ra8 25. a3 Kf7 26.
Rc6 Bf8 27. Nd2 Ke8 28. Nc4 Kd7 29. Rc5 e6 30. Rxd5+ exd5 31. Nb6+ Kc6 32.
Nxa8 Bxa3 33. Kf1 a5 34. Ke2 a4 35. Kd3 Bb4 36. Nc7 Ba5 37. Ne6 Kb5 38. Bf4
a3 39. Bc1 Bb4 40. Nc7+ Ka4 41. Nxd5 a2 42. Bb2 Kb3 43. Nxb4 1-0

[Event "IX EICC"]
[Site "Plovdiv BUL"]
[Date "2008.04.21"]
[Round "1"]
[White "Georgiadis,I"]
[Black "Azarov,S"]
[Result "0-1"]
[WhiteElo "2394"]
[BlackElo "2585"]
[EventDate "2008.04.21"]

1. e4 e5 2. Nf3 Nc6 3. Bb5 a6 4. Ba4 Nf6 5. O-O Be7 6. d3 b5 7. Bb3 d6 8.
c3 O-O 9. Re1 Na5 10. Bc2 c5 11. Nbd2 Re8 12. a4 Bb7 13. d4 Qc7 14. axb5
axb5 15. Nf1 cxd4 16. cxd4 Nc6 17. Rxa8 Rxa8 18. d5 Nb4 19. Bb1 Ra1 20. Bg5
h6 21. Bxf6 Bxf6 22. Qd2 Na6 23. Bd3 Rxe1 24. Qxe1 Nc5 25. Bc2 Bc8 26. Qc3
Bd8 27. Ne1 Bd7 28. Nd3 Nxe4 29. Qxc7 Bxc7 30. Nxe5 dxe5 31. Bxe4 f5 32.
Bc2 Kf7 33. Ne3 Kf6 0-1

[Event "IX EICC"]
[Site "Plovdiv BUL"]
[Date "2008.04.21"]
[Round "1"]
[White "Halkias,S"]
[Black "Lomsadze,D"]
[Result "1-0"]
[WhiteElo "2585"]
[BlackElo "2394"]
[EventDate "2008.04.21"]

1. d4 Nf6 2. Nf3 c5 3. d5 g6 4. Nc3 Bg7 5. e4 O-O 6. Be2 d6 7. O-O Nbd7 8.
Bf4 Rb8 9. a4 a6 10. a5 b5 11. axb6 Rxb6 12. Ra2 Rb4 13. Nd2 Nb6 14. Bg3 e6
15. dxe6 Bxe6 16. Rxa6 Rxb2 17. Nb5 c4 18. Nxd6 c3 19. Nf3 Nh5 20. e5 Nxg3
21. hxg3 Nd7 22. Nxf7 Bxf7 23. e6 Nc5 24. exf7+ Kh8 25. Rd6 Qe7 26. Bc4
Rxc2 27. Re1 Qc7 28. Re8 Rc1 29. Rxf8+ Bxf8 30. Qxc1 Qxd6 31. Qxc3+ Bg7 32.
Qa3 Qd1+ 33. Kh2 Nd7 34. Qe7 Nf8 35. Qe4 Bf6 36. g4 Qd6+ 37. g3 Qe7 38. Qf4
Bg7 39. Bd5 Nd7 40. Qc4 Qa3 41. Qa2 Bf8 42. Kg2 1-0

[Event "IX EICC"]
[Site "Plovdiv BUL"]
[Date "2008.04.21"]
[Round "1"]
[White "Chudinovskikh,A"]
[Black "Iordachescu,V"]
[Result "1/2-1/2"]
[WhiteElo "2392"]
[BlackElo "2584"]
[EventDate "2008.04.21"]

1. e4 e5 2. Nf3 Nc6 3. Nc3 Nf6 4. Bb5 Bd6 5. d4 exd4 6. Nd5 a6 7. Bc4 O-O
8. O-O b5 9. Bd3 h6 10. a4 Rb8 11. Re1 Re8 12. axb5 axb5 13. b3 Ne5 14. Bb2
c5 15. Bf1 b4 16. g3 Nxd5 17. exd5 Bb7 18. Bg2 Ra8 19. Nd2 Rxa1 20. Qxa1 f5
21. h3 Bb8 22. Qd1 Nf7 23. Bc1 Nd6 24. Nc4 Rxe1+ 25. Qxe1 Qe8 26. Qe5 Qf8
27. Qe2 Ne4 28. Nd2 Nc3 29. Qc4 Bd6 30. Bb2 Qe8 31. Bxc3 bxc3 32. Nf1 Qf7
33. b4 cxb4 34. Qxd4 Ba6 35. Qb6 Bxf1 36. Qxd6 Bxg2 37. Kxg2 Kh7 38. f3 f4
39. Qxb4 Qg6 40. Qe4 fxg3 41. h4 Qxe4 42. fxe4 Kg6 43. Kxg3 Kf6 44. h5 Kg5
45. d6 Kf6 46. Kf4 g5+ 47. hxg6 Kxg6 48. e5 Kf7 49. Kf5 h5 50. e6+ dxe6+
51. Kg5 e5 52. Kxh5 Ke6 53. Kg4 Kxd6 54. Kf3 Kd5 55. Ke3 e4 56. Kf2 Ke5 57.
Ke3 Kf5 58. Ke2 Ke6 59. Kf2 Kd6 60. Ke2 Kd5 61. Ke3 Ke5 62. Ke2 Kf4 63. Kf2
e3+ 64. Ke2 Ke4 65. Ke1 Kf3 66. Kf1 Kg3 67. Ke2 Kf4 68. Ke1 Kf3 69. Kf1
1/2-1/2

[Event "IX EICC"]
[Site "Plovdiv BUL"]
[Date "2008.04.21"]
[Round "1"]
[White "Khismatullin,D"]
[Black "Filev,G"]
[Result "1-0"]
[WhiteElo "2584"]
[BlackElo "2392"]
[EventDate "2008.04.21"]

1. d4 d5 2. c4 e6 3. Nf3 c5 4. cxd5 exd5 5. Nc3 Nf6 6. Bg5 Be6 7. e3 Nc6 8.
Be2 Be7 9. dxc5 Bxc5 10. O-O O-O 11. Rc1 Be7 12. Nd4 Nxd4 13. Qxd4 Qa5 14.
Bd3 h6 15. Bf4 Rac8 16. Bb1 Rfd8 17. Qd3 Qb4 18. Be5 g6 19. Qd2 Kh7 20.
Rcd1 Nd7 21. Bd4 Nb6 22. a3 Qd6 23. Nb5 Qb8 24. Qa5 Bc5 25. Qxa7 Bxd4 26.
Qxb8 Rxb8 27. Rxd4 Nc4 28. b3 Nd6 29. Nc7 Ne8 30. Nxe6 fxe6 31. Rg4 1-0

[Event "IX EICC"]
[Site "Plovdiv BUL"]
[Date "2008.04.21"]
[Round "1"]
[White "Bogdanovski,V"]
[Black "Lenic,L"]
[Result "0-1"]
[WhiteElo "2391"]
[BlackElo "2584"]
[EventDate "2008.04.21"]

1. Nf3 Nf6 2. d4 g6 3. Bg5 Bg7 4. Nbd2 O-O 5. c3 d6 6. e4 Nc6 7. Bb5 Bd7 8.
O-O h6 9. Bh4 a6 10. Bc4 b5 11. Bb3 e5 12. dxe5 dxe5 13. Re1 Qe7 14. Nf1
Rad8 15. Qc2 Na5 16. Ne3 c6 17. Red1 Nb7 18. a4 Nc5 19. axb5 axb5 20. Nd2
Bc8 21. Ba2 Rd6 22. Nb3 Ne6 23. Na5 Rxd1+ 24. Rxd1 Qc7 25. b4 Re8 26. f3
Nh5 27. Bf2 Nhf4 28. Nf1 h5 29. Rd2 Rf8 30. Bh4 Bh6 31. Bf2 Ba6 0-1

[Event "IX EICC"]
[Site "Plovdiv BUL"]
[Date "2008.04.21"]
[Round "1"]
[White "Lilov,Valeri"]
[Black "Baramidze,D"]
[Result "0-1"]
[WhiteElo "2385"]
[BlackElo "2583"]
[EventDate "2008.04.21"]

1. e4 c5 2. Nc3 d6 3. f4 Nc6 4. Nf3 g6 5. Bc4 Bg7 6. O-O e6 7. d3 Nge7 8.
Qe1 a6 9. a3 O-O 10. Qh4 d5 11. Ba2 Nd4 12. Nxd4 cxd4 13. Ne2 dxe4 14. dxe4
Qc7 15. Ng3 Re8 16. Rf2 Bd7 17. Bd2 Qb6 18. Bb3 a5 19. a4 Rac8 20. f5 exf5
21. exf5 Nxf5 22. Nxf5 Bxf5 23. Raf1 d3 24. Bc3 dxc2 25. Bxf7+ Kxf7 26.
Qxh7 Rxc3 0-1

[Event "IX EICC"]
[Site "Plovdiv BUL"]
[Date "2008.04.21"]
[Round "1"]
[White "Kozul,Z"]
[Black "Georgescu,T"]
[Result "1-0"]
[WhiteElo "2583"]
[BlackElo "2384"]
[EventDate "2008.04.21"]

1. d4 Nf6 2. c4 c5 3. d5 b5 4. cxb5 a6 5. b6 d6 6. Nc3 Nbd7 7. e4 g6 8. a4
a5 9. Bb5 Bg7 10. Nf3 O-O 11. h3 Ba6 12. b7 Bxb7 13. O-O Ne8 14. Bf4 Nc7
15. Re1 Na6 16. e5 Nxe5 17. Nxe5 dxe5 18. Bxe5 Bxe5 19. Rxe5 Nb4 20. Bc4
Ba6 21. Bxa6 Rxa6 22. Qe2 Rd6 23. Qc4 Qa8 24. Rae1 Rfd8 25. Rxe7 Nxd5 26.
Nxd5 Qxd5 27. Qc3 Qd4 28. Qxa5 Rf6 29. Qxd8+ Qxd8 30. Re8+ Qxe8 31. Rxe8+
Kg7 32. b3 Rd6 33. Kf1 Rd2 34. Re2 Rd1+ 35. Re1 Rd2 36. Ra1 Kf6 37. a5 Ke5
38. a6 Rd8 39. Ke2 1-0

[Event "IX EICC"]
[Site "Plovdiv BUL"]
[Date "2008.04.21"]
[Round "1"]
[White "Chigladze,I"]
[Black "Stefansson,H"]
[Result "1/2-1/2"]
[WhiteElo "2384"]
[BlackElo "2583"]
[EventDate "2008.04.21"]

1. d4 d5 2. c4 c6 3. Nc3 Nf6 4. Nf3 e6 5. Bg5 Nbd7 6. e3 Qa5 7. Nd2 Bb4 8.
Qc2 O-O 9. Be2 c5 10. Nb3 Qa4 11. Bxf6 Nxf6 12. O-O Bxc3 13. Qxc3 cxd4 14.
Qxd4 dxc4 15. Qxc4 Bd7 16. Rac1 Rac8 17. f3 1/2-1/2

[Event "IX EICC"]
[Site "Plovdiv BUL"]
[Date "2008.04.21"]
[Round "1"]
[White "Vehi Bach,V"]
[Black "Aleksandrov,A"]
[Result "1/2-1/2"]
[WhiteElo "2381"]
[BlackElo "2582"]
[EventDate "2008.04.21"]

1. e4 e5 2. Nf3 Nc6 3. Nc3 Nf6 4. Bb5 Bb4 5. O-O O-O 6. d3 d6 7. Ne2 Ne7 8.
c3 Ba5 9. Ng3 a6 10. Ba4 Ng6 11. d4 c5 12. h3 b5 13. Bc2 Be6 14. dxe5 dxe5
15. Qxd8 Rfxd8 16. Bg5 Kf8 17. a4 Bd7 18. Rfd1 c4 1/2-1/2

[Event "IX EICC"]
[Site "Plovdiv BUL"]
[Date "2008.04.21"]
[Round "1"]
[White "Vajda,L"]
[Black "Nestorovic,N"]
[Result "1-0"]
[WhiteElo "2582"]
[BlackElo "2381"]
[EventDate "2008.04.21"]

1. e4 c5 2. c3 e6 3. d4 d5 4. exd5 exd5 5. Nf3 Nc6 6. Be3 c4 7. b3 cxb3 8.
axb3 Bd6 9. g3 Nge7 10. Bg2 O-O 11. O-O h6 12. Ne1 Bf5 13. Nd3 Qd7 14. Re1
Rac8 15. Nf4 Bb8 16. Nd2 g5 17. Nh5 f6 18. Nf1 Bg4 19. Bf3 Bxf3 20. Qxf3
Qf5 21. Qe2 Qg6 22. Bd2 Rf7 23. h4 Kh7 24. Kg2 Rcf8 25. Nh2 gxh4 26. Ng4
Ng8 27. Nf4 Bxf4 28. Bxf4 Rg7 29. Ne3 Qe4+ 30. Kh2 hxg3+ 31. fxg3 Nge7 32.
Qh5 Rg6 33. Rad1 Qe6 34. c4 f5 35. Nxd5 Qf7 36. Nc7 Ng8 37. Ne6 Nf6 38.
Nxf8+ Qxf8 39. Qf3 Ng4+ 40. Kg2 Qg7 41. d5 Nd8 42. d6 1-0

[Event "IX EICC"]
[Site "Plovdiv BUL"]
[Date "2008.04.21"]
[Round "1"]
[White "Moor,R"]
[Black "Werle,J"]
[Result "0-1"]
[WhiteElo "2378"]
[BlackElo "2581"]
[EventDate "2008.04.21"]

1. Nf3 Nf6 2. c4 e6 3. g3 d5 4. Bg2 Be7 5. O-O O-O 6. b3 c5 7. e3 Nc6 8.
Qe2 e5 9. d3 Re8 10. cxd5 Nxd5 11. Bb2 Bf8 12. a3 Bg4 13. h3 Bh5 14. Nbd2
f6 15. Rac1 Rc8 16. Rfd1 Nc7 17. Ne4 Ne6 18. g4 Bf7 19. Ng3 Re7 20. h4 Rd7
21. Bh3 Na5 22. Qc2 Nxb3 23. Rb1 Nbd4 24. exd4 cxd4 25. Qe2 Nf4 26. Qf1 Be6
27. Bc1 Nxh3+ 28. Qxh3 Rc2 29. h5 Rdc7 30. h6 Qc8 31. Bd2 Bxg4 32. Qg2 Kh8
33. hxg7+ Bxg7 34. Ne4 f5 35. Nd6 Qg8 36. Kf1 Qd5 37. Ng5 Qxg2+ 38. Kxg2
Bxd1 39. Rxd1 Bf8 40. Ndf7+ Kg8 41. Nxe5 Rg7 42. Kf1 Rxd2 43. Rxd2 Rxg5 44.
Nf3 Rg4 45. Rc2 Bxa3 46. Rc8+ Bf8 47. Rd8 Rg7 48. Nxd4 Rf7 49. Ra8 a6 50.
Ne6 Rf6 51. Nc5 Kg7 52. Nxb7 Bb4 53. d4 Rb6 54. Nc5 a5 55. Ke2 h5 56. Kf3
Rc6 57. Nb7 Kf6 58. Nxa5 Rc3+ 0-1

[Event "IX EICC"]
[Site "Plovdiv BUL"]
[Date "2008.04.21"]
[Round "1"]
[White "Pesotsky,V"]
[Black "Mastrovasilis,D"]
[Result "0-1"]
[WhiteElo "2371"]
[BlackElo "2580"]
[EventDate "2008.04.21"]

1. e4 c5 2. Nf3 Nc6 3. d4 cxd4 4. Nxd4 Qc7 5. Be2 Nf6 6. Nc3 e6 7. O-O a6
8. Kh1 Nxd4 9. Qxd4 Bc5 10. Qd2 O-O 11. Qg5 d6 12. Qg3 b5 13. Bh6 Ne8 14.
Rad1 Bb7 15. Bd3 Kh8 16. Bc1 Nf6 17. Qh4 Qc6 18. Bg5 Ng8 19. f3 h6 20. Bc1
Qb6 21. Rde1 Rae8 22. a3 Bd4 23. Nd1 Bf6 24. Qh3 e5 25. Ne3 Qd8 26. Nf5 Bc8
27. Rd1 Bg5 28. g4 Bxc1 29. Rxc1 Ne7 30. Qh4 Nxf5 31. Qxd8 Rxd8 32. gxf5 d5
33. Kg2 Bb7 34. Kf2 Rd6 35. Ke3 d4+ 36. Kd2 g6 37. fxg6 fxg6 38. Be2 Kg7
39. Rg1 Rf4 40. Rg2 Bc8 41. c4 dxc3+ 42. Kxc3 Rf7 43. Rd1 Rc6+ 44. Kd2 Be6
45. Ke3 Rf4 46. Rd8 Bf7 47. Bd3 Rcf6 48. Be2 Rh4 49. Ra8 Rh3 50. Ra7 g5 51.
Re7 Re6 52. Rc7 Rd6 53. Bf1 Rh4 54. Bd3 Kf6 55. Ra7 Rh3 56. a4 Bc4 57. Bxc4
bxc4 58. Rd2 Rb6 59. Kf2 Rxh2+ 60. Ke1 Rh1+ 61. Ke2 h5 62. a5 Rh2+ 63. Ke1
Rh1+ 64. Kf2 Rh2+ 65. Kg3 Rxd2 66. axb6 Rxb2 67. Rxa6 Ke7 68. Ra5 Kd6 69.
Rd5+ Kc6 70. Rxe5 c3 0-1

[Event "IX EICC"]
[Site "Plovdiv BUL"]
[Date "2008.04.21"]
[Round "1"]
[White "Kokarev,Dm"]
[Black "Vedder,H"]
[Result "1-0"]
[WhiteElo "2579"]
[BlackElo "2371"]
[EventDate "2008.04.21"]

1. e4 e6 2. d4 d5 3. Nc3 Nf6 4. e5 Nfd7 5. f4 c5 6. Nf3 Nc6 7. Be3 Be7 8.
dxc5 Bxc5 9. Qd2 O-O 10. O-O-O Bxe3 11. Qxe3 f6 12. exf6 Qxf6 13. g3 Nb6
14. Bb5 Bd7 15. Rhe1 Rfe8 16. Kb1 Rac8 17. Bf1 Qf8 18. Nb5 Na4 19. Qa3 Nc5
20. Nbd4 Nxd4 21. Nxd4 a6 22. Re5 Qf6 23. Bg2 Kh8 24. Rde1 Qg6 25. Bf3 Qf7
26. Bh5 g6 27. Bf3 Rc7 28. h4 Rec8 29. Qe3 Na4 30. h5 Nb6 31. Nxe6 Rc6 32.
Ng5 Qf6 33. Qd4 h6 34. hxg6 hxg5 35. fxg5 Qg7 36. Rh1+ Kg8 37. Rh7 Qxg6 38.
Re8+ Kxh7 39. Qh8+ 1-0

[Event "IX EICC"]
[Site "Plovdiv BUL"]
[Date "2008.04.21"]
[Round "1"]
[White "Perunovic,Mil"]
[Black "Atakisi,U"]
[Result "1/2-1/2"]
[WhiteElo "2579"]
[BlackElo "2365"]
[EventDate "2008.04.21"]

1. e4 c5 2. Nf3 Nc6 3. d4 cxd4 4. Nxd4 Nf6 5. Nc3 e5 6. Ndb5 d6 7. Bg5 a6
8. Na3 b5 9. Nd5 Be7 10. Bxf6 Bxf6 11. c4 b4 12. Nc2 a5 13. g3 O-O 14. h4
Be6 15. Bh3 Be7 16. Kf1 Qb8 17. b3 Bd8 18. Kg2 Bb6 19. Nxb6 Qxb6 20. Rf1
Qc5 21. Qd2 a4 22. Rfd1 Rfd8 23. Bf5 Ra7 24. Qe1 Rda8 25. Bxe6 fxe6 26. Kg1
Nd4 27. Nxd4 exd4 28. Rab1 e5 29. Rd3 axb3 30. axb3 h6 31. Qd1 Qc8 32. Qd2
Qg4 33. Re1 Ra1 34. Kg2 Rxe1 35. Qxe1 Ra2 36. Rf3 Rc2 37. Qxb4 Qxe4 38.
Qxd6 Rc3 39. Qf8+ Kh7 40. Qf5+ Qxf5 41. Rxf5 Rxb3 42. Rxe5 Rc3 43. c5 Kg6
44. Rd5 Kf6 45. h5 Ke6 46. Rd6+ Ke5 47. Rg6 Rxc5 48. Rxg7 Ke4 49. g4 Kf4
50. Rg6 d3 51. Rd6 Kxg4 52. Rxd3 Kxh5 1/2-1/2

[Event "IX EICC"]
[Site "Plovdiv BUL"]
[Date "2008.04.21"]
[Round "1"]
[White "Kukov,V"]
[Black "Spasov,V"]
[Result "0-1"]
[WhiteElo "2365"]
[BlackElo "2579"]
[EventDate "2008.04.21"]

1. d4 Nf6 2. Nf3 g6 3. c4 Bg7 4. Nc3 d6 5. e4 O-O 6. h3 Na6 7. Be3 e5 8.
dxe5 dxe5 9. c5 b6 10. Qa4 Nxc5 11. Bxc5 bxc5 12. Rd1 Qe7 13. Bb5 Rb8 14.
Qc2 Be6 15. Nxe5 Nxe4 16. Nc6 Qg5 17. Nxb8 Qxg2 18. Rf1 Nxc3 19. bxc3 Rxb8
20. Be2 Re8 0-1

[Event "IX EICC"]
[Site "Plovdiv BUL"]
[Date "2008.04.21"]
[Round "1"]
[White "Laznicka,V"]
[Black "Bakalarz,M"]
[Result "1-0"]
[WhiteElo "2578"]
[BlackElo "2361"]
[EventDate "2008.04.21"]

1. d4 Nf6 2. c4 g6 3. f3 d5 4. cxd5 Nxd5 5. e4 Nb6 6. Nc3 Bg7 7. Be3 O-O 8.
Qd2 Nc6 9. O-O-O e5 10. d5 Nd4 11. f4 Bg4 12. Re1 f6 13. h3 Bd7 14. Bxd4
exd4 15. Qxd4 a5 16. Nf3 a4 17. a3 Bh6 18. g3 g5 19. f5 Qe7 20. Kb1 Qd6 21.
Qf2 Bg7 22. Nd4 c6 23. Ne6 cxd5 24. Nxf8 Kxf8 25. Rd1 Ra5 26. g4 Be8 27.
Nxd5 Nxd5 28. Rxd5 Rxd5 29. exd5 Qxd5 30. Bg2 Qd3+ 31. Qc2 Qxc2+ 32. Kxc2
b5 33. Re1 Bf7 34. Bc6 Bc4 35. Re8+ Kf7 36. Rb8 Bf1 37. Bxb5 Bxh3 38. Bc4+
Ke7 39. Rb7+ Kf8 40. Rf7+ Kg8 41. Rxf6+ Kh8 42. Ra6 Bd4 43. f6 Bg2 44. Rd6
1-0

[Event "IX EICC"]
[Site "Plovdiv BUL"]
[Date "2008.04.21"]
[Round "1"]
[White "Mihok,O"]
[Black "Dziuba,M"]
[Result "0-1"]
[WhiteElo "2352"]
[BlackElo "2577"]
[EventDate "2008.04.21"]

1. e4 c5 2. Nf3 d6 3. d4 cxd4 4. Nxd4 Nf6 5. Nc3 a6 6. Be3 e5 7. Nf3 Qc7 8.
a4 b6 9. Be2 Be7 10. O-O O-O 11. Nd2 Be6 12. f4 exf4 13. Bxf4 Nbd7 14. Nb3
Nc5 15. Nd4 Nfxe4 16. Nxe4 Nxe4 17. Bf3 Qb7 18. Qe2 d5 19. Kh1 Rac8 20.
Rae1 Bc5 21. Nxe6 fxe6 22. Bxe4 dxe4 23. Qc4 Rf6 24. Be5 Rxf1+ 25. Rxf1 Qd5
26. Qc3 Rf8 27. Rxf8+ Kxf8 28. h3 e3 29. Bxg7+ Kg8 30. Be5 Qd1+ 31. Kh2 e2
32. Qg3+ Kf7 33. Qg7+ Ke8 34. Qg8+ Kd7 35. Qxh7+ Be7 36. Bg3 e1=Q 37. Bxe1
Qxe1 38. g4 Qf2+ 39. Kh1 Qf1+ 40. Kh2 Qf2+ 41. Kh1 Qf3+ 42. Kg1 Kd6 0-1

[Event "IX EICC"]
[Site "Plovdiv BUL"]
[Date "2008.04.21"]
[Round "1"]
[White "Lopez Martinez,Josep"]
[Black "Pankov,Ger"]
[Result "0-1"]
[WhiteElo "2576"]
[BlackElo "2349"]
[EventDate "2008.04.21"]

1. e4 c5 2. Nf3 Nc6 3. d4 cxd4 4. Nxd4 Qb6 5. Nb3 Nf6 6. Nc3 e6 7. a3 d6 8.
Bf4 Ne5 9. Be3 Qc7 10. f4 Nc6 11. g4 a6 12. g5 Nd7 13. h4 b5 14. Qd2 Bb7
15. Qf2 Rc8 16. h5 Na5 17. Nd2 Qb8 18. Bg2 Nc4 19. Nxc4 Rxc4 20. g6 hxg6
21. hxg6 Rxh1+ 22. Bxh1 Nf6 23. gxf7+ Kxf7 24. O-O-O Qa8 25. f5 e5 26. Bg5
Nxe4 27. Bxe4 Bxe4 28. f6 g6 29. Qh2 Ke6 30. Qh3+ Bf5 31. Qh8 Qe8 32. Rh1
Rc7 33. Kb1 Qf7 34. Qh2 d5 35. Qg2 Rxc3 36. bxc3 Qc7 37. Qg3 Qc4 38. Bc1
Qb3+ 39. Ka1 Bxc2 40. Bb2 Bxa3 41. Qg4+ Bf5 42. Qe2 Qa4 0-1

[Event "IX EICC"]
[Site "Plovdiv BUL"]
[Date "2008.04.21"]
[Round "1"]
[White "Minasian,Art"]
[Black "Van Beek,Al"]
[Result "1-0"]
[WhiteElo "2574"]
[BlackElo "2343"]
[EventDate "2008.04.21"]

1. g3 d5 2. Bg2 e5 3. d3 Nf6 4. Nf3 Bd6 5. O-O O-O 6. c4 dxc4 7. dxc4 c6 8.
Nc3 h6 9. h3 Be6 10. b3 Qe7 11. Qc2 Rd8 12. Bb2 Nbd7 13. Rad1 Nf8 14. Nh4
Ba3 15. Ba1 Rxd1 16. Nxd1 N8d7 17. Ne3 Ne8 18. Nhf5 Qf8 19. Ng4 Nd6 20. e4
f6 21. Rd1 Rd8 22. Bc3 Nc5 23. Bd2 Nf7 24. Nh4 Rd4 25. Nf5 Rd7 26. Bc3 Qd8
27. Rf1 Nd3 28. Qe2 Bc5 29. h4 a5 30. Qf3 Be7 31. Nge3 Nd6 32. Bh3 Bxf5 33.
Bxf5 Nxf5 34. Nxf5 Bb4 35. Bxb4 Nxb4 36. Qg4 Kh8 37. h5 Nxa2 38. Kg2 Nc3
39. Rc1 Na2 40. Re1 1-0

[Event "IX EICC"]
[Site "Plovdiv BUL"]
[Date "2008.04.21"]
[Round "1"]
[White "Macak,S"]
[Black "Grigoriants,S RUS"]
[Result "0-1"]
[WhiteElo "2342"]
[BlackElo "2573"]
[EventDate "2008.04.21"]

1. e4 c6 2. d4 d5 3. e5 Bf5 4. Nd2 e6 5. Nb3 Nd7 6. Nf3 Ne7 7. Be2 Bg6 8.
O-O Nf5 9. Bd2 Be7 10. c4 dxc4 11. Na5 Rb8 12. Nxc4 Nb6 13. Bc3 Nd5 14. Qd2
O-O 15. Rfd1 b5 16. Ba5 Qd7 17. Ne3 Nfxe3 18. fxe3 c5 19. a3 h6 20. Bd3
cxd4 21. exd4 Bxd3 22. Qxd3 b4 23. Nd2 bxa3 24. bxa3 Nf4 25. Qe4 Qxd4+ 26.
Qxd4 Ne2+ 27. Kh1 Nxd4 28. Bc7 Rbc8 29. Bd6 Bxd6 30. exd6 Rfd8 31. Ne4 Nb5
32. Rab1 Nc3 33. Nxc3 Rxc3 34. h3 Rc6 35. Rb7 Rcxd6 36. Rxd6 Rxd6 37. Rxa7
g5 38. Kg1 Kg7 39. a4 Rd2 40. a5 Ra2 41. a6 h5 42. Ra8 h4 43. a7 Kf6 44.
Kf1 Kf5 45. Kg1 Kf4 46. Kf1 Ke3 47. Kg1 Ra1+ 48. Kh2 Kf4 0-1

[Event "IX EICC"]
[Site "Plovdiv BUL"]
[Date "2008.04.21"]
[Round "1"]
[White "Kostic,Neb"]
[Black "Belov,Vl"]
[Result "0-1"]
[WhiteElo "2334"]
[BlackElo "2571"]
[EventDate "2008.04.21"]

1. c4 e5 2. Nc3 c5 3. g3 Nc6 4. Bg2 g6 5. Nf3 Bg7 6. O-O d6 7. d3 Nge7 8.
Rb1 O-O 9. a3 a5 10. Ne1 Be6 11. Nc2 d5 12. cxd5 Nxd5 13. Bd2 a4 14. Nxd5
Bxd5 15. Bxd5 Qxd5 16. Bc3 Qe6 17. Ne3 b5 18. b4 cxb4 19. Bxb4 Rfd8 20. Bc3
Rab8 21. Qc2 Nd4 22. Qb2 e4 23. dxe4 Qxe4 24. Rbc1 Bh6 25. Bxd4 Qxd4 26.
Qxd4 Rxd4 27. Rc3 Rd2 28. Rb1 Rxe2 29. Nd5 Bg7 30. Rc5 Rb2 31. Rd1 Bf8 32.
Rc3 Kg7 33. Nf4 Rb7 34. Rd8 Be7 35. Rd5 Rb3 36. Rdd3 Rxc3 37. Rxc3 Rd7 38.
Kg2 Rd2 39. Rc7 Bxa3 40. Rb7 Bd6 41. Rxb5 a3 0-1

[Event "IX EICC"]
[Site "Plovdiv BUL"]
[Date "2008.04.21"]
[Round "1"]
[White "Markos,J"]
[Black "Dinev,De"]
[Result "1-0"]
[WhiteElo "2565"]
[BlackElo "2298"]
[EventDate "2008.04.21"]

1. d4 Nf6 2. c4 e6 3. Nc3 c5 4. Nf3 d5 5. cxd5 exd5 6. Bg5 Be6 7. e3 Nc6 8.
Be2 Be7 9. O-O O-O 10. dxc5 Bxc5 11. Rc1 Be7 12. Nd4 Rc8 13. Nxc6 bxc6 14.
Qd3 Re8 15. Rfd1 h6 16. Bf4 Bd6 17. Bxd6 Qxd6 18. Qa6 Qb8 19. Na4 Rc7 20.
b3 Bc8 21. Qa5 Re6 22. Nc5 Rd6 23. Rd4 Qb6 24. Qa3 Re7 25. Bd3 Qc7 26. h3
Re5 27. b4 Rg5 28. h4 Rg4 29. Qc3 Qe7 30. Be2 Rg6 31. g3 Bg4 32. Bd3 Bf3
33. Bxg6 fxg6 34. Rf4 Bh5 35. f3 g5 36. hxg5 hxg5 37. Rf5 Bg6 38. Qe5 Qxe5
39. Rxe5 g4 40. fxg4 d4 41. exd4 Rxd4 42. g5 Ng4 43. Re7 Rd2 44. b5 Rxa2
45. Rc3 Bh5 46. g6 Bxg6 47. bxc6 Bh5 48. c7 1-0

[Event "IX EICC"]
[Site "Plovdiv BUL"]
[Date "2008.04.21"]
[Round "1"]
[White "Parligras,M"]
[Black "Yordanov,N"]
[Result "1-0"]
[WhiteElo "2561"]
[BlackElo "2296"]
[EventDate "2008.04.21"]

1. e4 e6 2. d4 d5 3. Nd2 Nf6 4. e5 Nfd7 5. f4 c5 6. c3 Nc6 7. Ndf3 Qb6 8.
Ne2 Be7 9. g3 O-O 10. Bh3 f6 11. Rf1 cxd4 12. cxd4 fxe5 13. fxe5 h6 14. a3
Nd8 15. Nf4 Rf7 16. Bg4 Nf8 17. Bh5 Bd7 18. Bxf7+ Nxf7 19. Rf2 Bb5 20. Be3
Bc4 21. h4 a5 22. Rc1 a4 23. Qc2 Qa6 24. Nd2 Bb5 25. Qd1 Qb6 26. Qf3 Nd8
27. Nh5 Be8 28. Nf6+ gxf6 29. exf6 Bd6 30. Qg4+ Bg6 31. h5 Kf7 32. hxg6+
Nxg6 33. Bxh6 Qxb2 34. Nc4 Qxf2+ 35. Kxf2 dxc4 36. Bg5 Nc6 37. Rh1 Rf8 38.
Rh7+ Ke8 39. Qxe6+ Be7 40. d5 Nd8 41. Qxe7+ 1-0

[Event "IX EICC"]
[Site "Plovdiv BUL"]
[Date "2008.04.21"]
[Round "1"]
[White "Hadzimanolis,A"]
[Black "Anastasian,A"]
[Result "0-1"]
[WhiteElo "2293"]
[BlackElo "2560"]
[EventDate "2008.04.21"]

1. e4 Nf6 2. e5 Nd5 3. c4 Nb6 4. c5 Nd5 5. d4 d6 6. cxd6 cxd6 7. Nf3 Nc6 8.
Bc4 Nb6 9. Bb3 d5 10. h3 Bf5 11. Nc3 e6 12. O-O Be7 13. Be3 O-O 14. Rc1 Rc8
15. Ne1 Bg6 16. Nd3 Nc4 17. Qe2 Nxe3 18. fxe3 Na5 19. Bd1 Bxd3 20. Qxd3 Bg5
21. b3 g6 22. Bg4 Nc6 23. Nb5 Be7 24. h4 a6 25. Nd6 Bxd6 26. exd6 Qxh4 27.
Rf4 Qd8 28. Rcf1 f5 29. Qe2 Qxd6 0-1

[Event "IX EICC"]
[Site "Plovdiv BUL"]
[Date "2008.04.21"]
[Round "1"]
[White "Logothetis,S"]
[Black "Balogh,C"]
[Result "1/2-1/2"]
[WhiteElo "2291"]
[BlackElo "2559"]
[EventDate "2008.04.21"]

1. Nf3 d5 2. d4 Nf6 3. c4 c6 4. Nc3 dxc4 5. e3 g6 6. Bxc4 Bg7 7. O-O O-O 8.
h3 b5 9. Bd3 Nbd7 10. e4 Nb6 11. Be3 Be6 12. Ne5 Rc8 13. Rc1 Nfd7 14. Nxd7
Bxd7 15. b3 e5 16. dxe5 Bxe5 17. f4 Bg7 18. Bc5 Re8 19. e5 Rc7 20. Ne4 Nc8
21. Nd6 Nxd6 22. Bxd6 Rc8 23. Qf3 Bf8 24. Bxf8 Rxf8 25. f5 Qg5 26. Qf4 Qxf4
27. Rxf4 gxf5 28. Bxf5 Bxf5 1/2-1/2

[Event "IX EICC"]
[Site "Plovdiv BUL"]
[Date "2008.04.21"]
[Round "1"]
[White "Shomoev,A"]
[Black "Orlov,O2"]
[Result "1-0"]
[WhiteElo "2559"]
[BlackElo "2285"]
[EventDate "2008.04.21"]

1. e4 c5 2. Nf3 e6 3. d4 cxd4 4. Nxd4 Nf6 5. Nc3 d6 6. g4 a6 7. g5 Nfd7 8.
h4 b5 9. a3 Bb7 10. Bg2 Nc6 11. Be3 Nde5 12. Nxc6 Bxc6 13. Bd4 h6 14. f4
Ng6 15. Be3 hxg5 16. hxg5 Nh4 17. Bf1 a5 18. Qg4 b4 19. Nb5 Nf5 20. Rxh8
Nxe3 21. Qe2 Nxf1 22. Kxf1 Rb8 23. a4 Bxb5 24. axb5 Qb6 25. Qc4 Qxb5 26.
Qxb5+ Rxb5 27. Ke2 g6 28. Kd3 Ke7 29. Rg8 Rc5 30. c3 bxc3 31. bxc3 f5 32.
gxf6+ Kf7 33. Rh8 e5 34. fxe5 dxe5 35. Rh7+ Ke6 36. Rb1 Rc6 37. Rb8 Bd6 38.
f7 a4 39. Re8+ Kf6 40. f8=Q Bxf8 41. Rxf8+ Kg5 42. Ra7 Kg4 43. Rxa4 g5 44.
Ra1 Kh3 45. Rg1 Kh2 46. Rxg5 Rh6 47. Rxe5 Kg3 48. Rg5+ Kh2 49. e5 Kh3 50.
e6 Kh4 51. Rg1 Rh5 52. Rfg8 Rd5+ 53. Ke4 Rg5 54. R1xg5 Kh3 55. Rh5+ 1-0